• 首页
  • 本馆介绍
  • 公告通知
  • 最新文献
  • 馆藏检索
  • 电子资源
  • 读者导购
  • 参考咨询
  • 我的图书馆
  • 登录
  • 详细信息显示
  • 放入我的书架
  • 预约/预借图书
  • 作者相关作品
  • 分类相关作品
  • 丛书相关作品
  • 出版社相关作品

书目信息

  • 表格格式
  • 工作单格式
  • 卡片格式
题名:
水力学
    
 
作者: ;武汉水利电力学院 , 华东水利学院 编
分册:  
出版信息: 北京   人民教育出版社  1979
页数: 409页
开本: 26cm
丛书名:
单 册:
中图分类: TV13
科图分类:
主题词: 水力学--高等学校--教材
电子资源:
ISBN:
000 00693nam0 2200241 45
001 0179006919
005 20060819090957.50
010    @dCNY2.15
091    @a15012.0219
100    @a19950727d1979 em y0chiy0121 ea
101 0  @achi
102    @aCN@b110000
105    @ay z 000yy
200 10 @a水力学@Ashui li xue@f武汉水利电力学院,华东水利学院编
210    @a北京@c人民教育出版社@d1979
215    @a409页@d26cm
300    @a高等学校试用教材
606    @a水力学@x高等学校@x教材
690    @aTV13@v3
711 02 @a武汉水利电力学院@Awu han shui li dian li xue yuan@4编
711 02 @a华东水利学院@Ahua dong shui li xue yuan@4编
801  0 @aCN@bTSSF@c20060819
905    @a10447@dTV13@e26
    
    水力学/武汉水利电力学院,华东水利学院编.-北京:人民教育出版社,1979
    409页;26cm
    高等学校试用教材
    
    ISBN :CNY2.15
    
●
相关链接 在E读中查询图书 在五车中查询图书 在当当中查询图书 在豆瓣中查询图书


正题名:水力学     索取号:TV13/26         预约/预借

序号 登录号 条形码 馆藏地/架位号 状态 备注
1 0439577   204395779   密集书库/ [索取号:TV13/26] 在馆    
2 0458937   204589374   密集书库/ [索取号:TV13/26] 在馆    
唐山师范学院图书馆 欢迎您!
大连网信软件有限公司© 版权所有